ՀՀ Գիտությունների ազգային ակադեմիայի հիմնարար գիտական գրադարան  =   Fundamental Scientific Library of NAS RA
Normal view MARC view

Entry Personal Name

Number of records used in: 11

001 - CONTROL NUMBER

  • control field: 3883

003 - CONTROL NUMBER IDENTIFIER

  • control field: AM-YEHGA

005 - DATE AND TIME OF LATEST TRANSACTION

  • control field: 20250617070447.0

008 - FIXED-LENGTH DATA ELEMENTS

  • fixed length control field: 030328 a|ac|n|aab||||||||||||a |n|||||||

040 ## - CATALOGING SOURCE

  • Original cataloging agency: AM-YEHGA

100 1# - HEADING--PERSONAL NAME

  • Personal name: Մանուչարյան, Հենզել Գերասիմի,
  • Dates associated with a name: 1944-

400 1# - SEE FROM TRACING--PERSONAL NAME

  • Personal name: Մանուչարյան, Հենզել,
  • Dates associated with a name: 1944-

400 1# - SEE FROM TRACING--PERSONAL NAME

  • Personal name: Մանուչարյան, Հ.Գ.
  • Fuller form of name: (Հենզել Գերասիմի),
  • Dates associated with a name: 1944-

400 1# - SEE FROM TRACING--PERSONAL NAME

  • Personal name: Մանուչարյան, Հ.
  • Fuller form of name: (Հենզել),
  • Dates associated with a name: 1944-

400 1# - SEE FROM TRACING--PERSONAL NAME

  • Personal name: Манучарян, Гензел Герасимович,
  • Dates associated with a name: 1944-

400 1# - SEE FROM TRACING--PERSONAL NAME

  • Personal name: Manucharyan, Henzel Gerasimi,
  • Dates associated with a name: 1944-

670 ## - SOURCE DATA FOUND

  • Source citation: Կենսագրական հանրագիտարան /ԵՊՀ, 2009 :
  • Information found: (Մանուչարյան Հենզել Գերասիմի (ծ. 24.3.1944, Իջևանի շրջ., գ. Աչաջուր), փիլ. գիտ. դ-ր, պրոֆ.)

670 ## - SOURCE DATA FOUND

  • Source citation: Դրվագներ հայ քաղաքական մտքի պատմության, 2002 :
  • Information found: տիտղթ. (Հ.Գ. Մանուչարյան)

670 ## - SOURCE DATA FOUND

  • Source citation: Աչաջուր 2009 :(Պատմ. ակնարկ Իջևանի շրջ. մասին), 2009 :
  • Information found: տիտղթ. (Հ. Մանուչարյան)


ՀՀ ԳԱԱ հիմնարար գիտական գրադարան
ՀՀ,Երևան 0019
Մարշալ Բաղրամյան 24/6
հեռախոս:(374-10) 52-47-50
Հետադարձ կապ

All site content, except where otherwise noted, is licensed under a
Creative Commons License